[Event "II Liga CS - Istok"]
[Site "Golubac"]
[Date "2008.10.17"]
[Round "8.1"]
[White "Milovanovic, Srboljub"]
[Black "Govedarica, Radovan"]
[Result "1/2-1/2"]
[WhiteElo "2229"]
[BlackElo "2399"]
[PlyCount "97"]
[EventDate "2008.09.14"]

1. d4 Nf6 2. c4 e6 3. Nc3 Bb4 4. Bd2 d5 5. e3 O-O 6. a3 Bxc3 7. Bxc3 a5 8. Qc2
b6 9. Nf3 Nbd7 10. Bd3 Bb7 11. O-O Rc8 12. cxd5 exd5 13. b4 axb4 14. axb4 Ne4
15. Ra7 Rb8 16. b5 Re8 17. Bb4 Re6 18. Rc1 c5 19. bxc6 Rxc6 20. Qb1 Qc8 21.
Rxc6 Qxc6 22. Nd2 Ndf6 23. Nxe4 dxe4 24. Be2 Ra8 25. Rxa8+ Bxa8 26. Bd2 h6 27.
Qb3 Qd6 28. Bb4 Qc7 29. Qc3 Qxc3 30. Bxc3 Nd5 31. Bb2 Bc6 32. Bc4 b5 33. Bxd5
Bxd5 34. Bc3 Bc4 35. f3 f5 36. fxe4 fxe4 37. h4 Kf7 38. Kf2 g5 39. hxg5 hxg5
40. Ke1 Ke6 41. Kd2 Bf1 42. g3 Kd5 43. Ba5 Kc4 44. d5 Kxd5 45. Bd8 Kc4 46. Bxg5
Kb3 47. Bf6 Bh3 48. Kc1 b4 49. Bh8 1/2-1/2

[Event "II Liga CS - Istok"]
[Site "Golubac"]
[Date "2008.10.17"]
[Round "8.1"]
[White "Dezelin, Milan"]
[Black "Petrovic, Dragan R"]
[Result "1/2-1/2"]
[WhiteElo "2318"]
[BlackElo "2189"]
[PlyCount "31"]
[EventDate "2008.09.14"]

1. d4 Nf6 2. Bg5 d6 3. Bxf6 exf6 4. e3 d5 5. c4 Bb4+ 6. Nc3 O-O 7. Bd3 dxc4 8.
Bxc4 c5 9. Nge2 cxd4 10. exd4 Nc6 11. O-O Bf5 12. Qb3 Bxc3 13. bxc3 Na5 14. Qb5
Bd7 15. Qb4 Nxc4 16. Qxc4 1/2-1/2

[Event "II Liga CS - Istok"]
[Site "Golubac"]
[Date "2008.10.17"]
[Round "8.1"]
[White "Zivkovic, Nemanja"]
[Black "Lapcevic, Milos"]
[Result "0-1"]
[WhiteElo "2072"]
[BlackElo "2342"]
[PlyCount "63"]
[EventDate "2008.09.14"]

1. e4 c5 2. Nf3 e6 3. d4 cxd4 4. Nxd4 a6 5. Bd3 Bc5 6. Nb3 Ba7 7. Nc3 Nc6 8.
Qe2 d6 9. Be3 Bxe3 10. Qxe3 Nf6 11. O-O-O O-O 12. Be2 Qc7 13. g4 Rd8 14. g5 Nd7
15. f4 b5 16. a3 Bb7 17. h4 Rac8 18. h5 b4 19. axb4 Nxb4 20. Kb1 a5 21. g6 Nf6
22. gxf7+ Kxf7 23. Rd2 Nxc2 24. Rxc2 Bxe4 25. Rg1 Bxc2+ 26. Kxc2 Rb8 27. Nd4
Qb6 28. Rxg7+ Kxg7 29. Nxe6+ Kf7 30. Ng5+ Kf8 31. Ne6+ Ke7 32. Ng5+ 0-1

[Event "II Liga CS - Istok"]
[Site "Golubac"]
[Date "2008.10.17"]
[Round "8.1"]
[White "Djokic, Nebojsa"]
[Black "Trickovic, Vladimir"]
[Result "0-1"]
[WhiteElo "2220"]
[BlackElo "1946"]
[PlyCount "78"]
[EventDate "2008.09.14"]

1. e4 c5 2. Nf3 d6 3. d4 cxd4 4. Nxd4 Nf6 5. Nc3 g6 6. Be3 Bg7 7. f3 O-O 8. Qd2
Nc6 9. Bc4 Bd7 10. Bb3 Rc8 11. O-O-O Ne5 12. h4 h5 13. Kb1 Nc4 14. Bxc4 Rxc4
15. Nde2 b5 16. Bg5 b4 17. Nd5 Nxd5 18. Qxd5 Be6 19. Qd3 Rc5 20. Nd4 Bc4 21.
Qe3 Qc7 22. Bh6 Rc8 23. Bxg7 Kxg7 24. Rc1 f6 25. g4 Bf7 26. Qd2 Qa5 27. Nb3 Qa4
28. a3 Bxb3 29. cxb3 Rxc1+ 30. Rxc1 Rxc1+ 31. Kxc1 Qxb3 32. axb4 Qxf3 33. gxh5
Qxh5 34. Qf2 Qe5 35. Qxa7 Qxe4 36. b5 d5 37. b6 d4 38. Qa5 d3 39. b3 Qc6+ 0-1

[Event "II Liga CS - Istok"]
[Site "Golubac"]
[Date "2008.10.17"]
[Round "8.1"]
[White "Stankovic, Darko"]
[Black "Madjar, Stanislav"]
[Result "1/2-1/2"]
[WhiteElo "1975"]
[BlackElo "2205"]
[PlyCount "42"]
[EventDate "2008.09.14"]

1. c4 Nf6 2. Nc3 c5 3. g3 g6 4. Bg2 Bg7 5. Nf3 O-O 6. d3 Nc6 7. O-O d5 8. cxd5
Nxd5 9. Qb3 Nb6 10. Be3 Nd4 11. Bxd4 cxd4 12. Ne4 Be6 13. Qa3 Bd5 14. Nc5 Qd6
15. Rfc1 Rfc8 16. b4 e5 17. Qb2 Nd7 18. Nxd7 Qxd7 19. Qd2 Rc6 20. Rxc6 bxc6 21.
Rc1 Re8 1/2-1/2

[Event "II Liga CS - Istok"]
[Site "Golubac"]
[Date "2008.10.17"]
[Round "8.1"]
[White "Dimitrijevic, Radmilo"]
[Black "Velickovic, Dusan"]
[Result "1-0"]
[WhiteElo "2186"]
[BlackElo "1971"]
[PlyCount "109"]
[EventDate "2008.09.14"]

1. e4 e5 2. Nf3 Nc6 3. d4 exd4 4. Nxd4 Bc5 5. Be3 Bxd4 6. Bxd4 Nxd4 7. Qxd4 Qf6
8. e5 Qg6 9. Nc3 Ne7 10. O-O-O Nf5 11. Qe4 O-O 12. Nd5 c6 13. Qxf5 cxd5 14.
Qxg6 fxg6 15. f3 d6 16. Rxd5 dxe5 17. Rxe5 Rf6 18. Bc4+ Kf8 19. Rd1 Bf5 20. g4
Rc8 21. Bb3 Bxc2 22. Bxc2 Rxf3 23. Kb1 Re8 24. Rxe8+ Kxe8 25. Rd3 Rf1+ 26. Bd1
Ke7 27. Kc2 Ke6 28. Re3+ Kd6 29. h3 Rf4 30. Bf3 b6 31. Kd2 h6 32. Ke2 g5 33.
Rd3+ Ke6 34. Ke3 Rb4 35. Rb3 Rf4 36. Rc3 Rf7 37. Rd3 Rc7 38. Rc3 Rf7 39. Rc8
Re7 40. Rb8 Kd6+ 41. Be4 Rc7 42. Rb7 Rc1 43. Rxa7 Re1+ 44. Kd4 Rd1+ 45. Bd3 Rh1
46. Rb7 Rxh3 47. Rxb6+ Kc7 48. Rg6 Rf3 49. Rxg7+ Kd8 50. Bf5 h5 51. Rxg5 h4 52.
Rh5 h3 53. Ke4 Rf2 54. Rxh3 Rxb2 55. Ra3 1-0

[Event "II Liga CS - Istok"]
[Site "Golubac"]
[Date "2008.10.17"]
[Round "8.2"]
[White "Stojanovic, Zlatko"]
[Black "Garic, Radomir"]
[Result "1-0"]
[WhiteElo "2270"]
[BlackElo "2251"]
[PlyCount "81"]
[EventDate "2008.09.14"]

1. e4 c5 2. Nf3 Nc6 3. d4 cxd4 4. Nxd4 Qc7 5. Nc3 e6 6. Be3 Nf6 7. Nb3 a6 8. f4
d6 9. Bd3 Be7 10. Qf3 O-O 11. O-O Rb8 12. Nd4 Bd7 13. Kh1 b5 14. Nb3 b4 15. Ne2
a5 16. Nbd4 Rfe8 17. Rad1 e5 18. Nxc6 Bxc6 19. fxe5 dxe5 20. Ng3 Qb7 21. Bg5 h6
22. Bxf6 Bxf6 23. Nh5 Bg5 24. Qg4 g6 25. Nf6+ Bxf6 26. Rxf6 Kg7 27. Rdf1 Re7
28. Bc4 Bxe4 29. Rxf7+ Rxf7 30. Rxf7+ Qxf7 31. Bxf7 Bf5 32. Qc4 Rc8 33. Qd5
Rxc2 34. g4 Bxg4 35. Be6 Be2 36. Qxe5+ Kh7 37. Bd5 h5 38. Be4 Rc1+ 39. Kg2 Bf1+
40. Kf2 Bc4 41. Qxh5+ 1-0

[Event "II Liga CS - Istok"]
[Site "Golubac"]
[Date "2008.10.17"]
[Round "8.2"]
[White "Marinkovic, Velibor"]
[Black "Nikolic, Zoran S"]
[Result "0-1"]
[WhiteElo "2139"]
[BlackElo "2201"]
[PlyCount "111"]
[EventDate "2008.09.14"]

1. e4 e5 2. Nf3 Nc6 3. Bc4 Bc5 4. b4 Bxb4 5. c3 Ba5 6. d4 d6 7. d5 Nce7 8. Qa4+
c6 9. dxc6 Nxc6 10. Ng5 Nh6 11. O-O O-O 12. h3 Kh8 13. Nf3 Ng8 14. Rd1 Bc7 15.
Bd5 Bd7 16. Qb3 Na5 17. Qa3 Nf6 18. Bg5 h6 19. Bh4 g5 20. Bg3 Nxd5 21. Rxd5 Nc4
22. Qb3 b5 23. Rxb5 Bxb5 24. Qxb5 Nb6 25. Nbd2 Qe8 26. Qe2 Qe6 27. c4 Na4 28.
Nf1 Bb6 29. Qc2 Qe8 30. Rd1 Bc5 31. Ne3 Rd8 32. Nf5 Kh7 33. Nh2 Kg6 34. Nf1 Nb6
35. Qe2 Qe6 36. Rc1 Rc8 37. Kh2 Rfe8 38. h4 d5 39. cxd5 Nxd5 40. Qb5 a6 41. Qb7
Nf4 42. N1e3 Rb8 43. Qc7 Rbc8 44. Qa5 Bxe3 45. Rxc8 Rxc8 46. fxe3 Nd3 47. Qa3
Nc5 48. Be1 Kh7 49. hxg5 hxg5 50. Qb4 Nd3 51. Qd2 Nxe1 52. Qxe1 Kg6 53. Kg3 Rh8
54. Qb4 Kf6 55. a4 Rc8 56. Kf3 0-1

[Event "II Liga CS - Istok"]
[Site "Golubac"]
[Date "2008.10.17"]
[Round "8.2"]
[White "Batanjac, Aleksandar"]
[Black "Stevic, Zarko"]
[Result "1/2-1/2"]
[WhiteElo "2177"]
[BlackElo "2290"]
[PlyCount "62"]
[EventDate "2008.09.14"]

1. e4 c5 2. Nf3 e6 3. Nc3 Nc6 4. d4 cxd4 5. Nxd4 Qc7 6. Be3 a6 7. Bd3 Nf6 8.
O-O Be7 9. f4 d6 10. h3 O-O 11. a3 Bd7 12. Nf3 Rac8 13. Ne2 e5 14. c4 exf4 15.
Nxf4 Ne5 16. Nxe5 dxe5 17. Nd5 Nxd5 18. cxd5 Bc5 19. Qd2 Bxe3+ 20. Qxe3 Qc5 21.
Qxc5 Rxc5 22. Rac1 Rfc8 23. Rxc5 Rxc5 24. Kf2 Kf8 25. Ke3 f6 26. Kd2 Ke7 27. g4
g6 28. b4 Rc8 29. Rb1 Kd6 30. Rf1 Ke7 31. Rb1 Kd6 1/2-1/2

[Event "II Liga CS - Istok"]
[Site "Golubac"]
[Date "2008.10.17"]
[Round "8.2"]
[White "Lazic, Milan"]
[Black "Marinkovic, Vojkan"]
[Result "0-1"]
[WhiteElo "2094"]
[BlackElo "2054"]
[PlyCount "82"]
[EventDate "2008.09.14"]

1. e4 c6 2. d4 d5 3. e5 Bf5 4. g4 Bd7 5. Bd3 e6 6. Ne2 c5 7. c3 Nc6 8. Nd2 cxd4
9. cxd4 Nb4 10. Nf3 Nxd3+ 11. Qxd3 Bb4+ 12. Bd2 Bxd2+ 13. Qxd2 h5 14. Rg1 hxg4
15. Rxg4 g6 16. O-O-O Qc7+ 17. Kb1 O-O-O 18. Rc1 Bc6 19. Rgg1 Ne7 20. Rc5 Kb8
21. Rgc1 Nf5 22. Qb4 Ka8 23. Qa3 Qd7 24. Ra5 b6 25. Rxc6 bxa5 26. Rc5 Rh3 27.
Qxa5 Rc8 28. Ng5 Rxh2 29. Nxf7 Rxf2 30. Nd6 Nxd6 31. exd6 Rxc5 32. dxc5 Rxe2
33. Qa6 Re1+ 34. Kc2 Qb7 35. Qa4 Qc8 36. b4 Re4 37. d7 Qc7 38. Qb5 Rf4 39. c6
Rf8 40. Qc5 Qh2+ 41. Kb3 Rf3+ 0-1

[Event "II Liga CS - Istok"]
[Site "Golubac"]
[Date "2008.10.17"]
[Round "8.3"]
[White "Biljanic, Ljubomir"]
[Black "Pavlovic, Dean"]
[Result "1/2-1/2"]
[WhiteElo "2306"]
[BlackElo "2277"]
[PlyCount "20"]
[EventDate "2008.09.14"]

1. d4 d5 2. c4 c6 3. Nc3 Nf6 4. e3 e6 5. Nf3 Be7 6. Qc2 O-O 7. Be2 b6 8. O-O
Bb7 9. cxd5 cxd5 10. Ne5 Nbd7 1/2-1/2

[Event "II Liga CS - Istok"]
[Site "Golubac"]
[Date "2008.10.17"]
[Round "8.3"]
[White "Panic, Milan"]
[Black "Kulak, Dejan"]
[Result "1/2-1/2"]
[WhiteElo "2200"]
[BlackElo "2280"]
[PlyCount "23"]
[EventDate "2008.09.14"]

1. e4 c6 2. d4 d5 3. Nc3 dxe4 4. Nxe4 Bf5 5. Ng3 Bg6 6. Nf3 Nf6 7. h4 h6 8. h5
Bh7 9. Bd3 Bxd3 10. Qxd3 e6 11. Bd2 Nbd7 12. O-O-O 1/2-1/2

[Event "II Liga CS - Istok"]
[Site "Golubac"]
[Date "2008.10.17"]
[Round "8.5"]
[White "Denovic, Branislav"]
[Black "Zlatanovic, Zoran"]
[Result "0-1"]
[WhiteElo "2135"]
[BlackElo "2203"]
[PlyCount "58"]
[EventDate "2008.09.14"]

1. e4 c5 2. Nf3 d6 3. d4 cxd4 4. Nxd4 Nf6 5. Nc3 a6 6. a4 e5 7. Nb3 Nc6 8. a5
Bd7 9. Be2 Nb4 10. Be3 Bc6 11. Bb6 Qc8 12. f3 d5 13. exd5 Nbxd5 14. Nxd5 Nxd5
15. Bf2 Be7 16. O-O O-O 17. Re1 Nf4 18. Bf1 Rd8 19. Qc1 Bg5 20. Qb1 Qf5 21. Bb6
Rd6 22. Bc5 Rg6 23. c4 Qf6 24. Re4 Bh4 25. Qc2 Bxe4 26. Qxe4 Qc6 27. Qxe5 Qxf3
28. Nd2 Rxg2+ 29. Kh1 Rxd2+ 0-1

[Event "II Liga CS - Istok"]
[Site "Golubac"]
[Date "2008.10.17"]
[Round "8.5"]
[White "Rolj, Petar"]
[Black "Tosic, Branislav"]
[Result "1-0"]
[WhiteElo "2061"]
[BlackElo "2194"]
[PlyCount "94"]
[EventDate "2008.09.14"]

1. e4 d6 2. d4 Nf6 3. Nc3 g6 4. Be3 c6 5. f3 Nbd7 6. Qd2 Qa5 7. O-O-O b5 8. Kb1
b4 9. Nce2 Rb8 10. g4 Bg7 11. Nc1 Ba6 12. g5 Nh5 13. f4 Bxf1 14. Rxf1 d5 15. e5
e6 16. Nge2 Bf8 17. Ng3 Nxg3 18. hxg3 Qb5 19. g4 Be7 20. f5 Nf8 21. Qf2 Kd7 22.
Nd3 Re8 23. fxg6 Nxg6 24. Qxf7 Ref8 25. Qg7 Rfg8 26. Nc5+ Kc7 27. Nxe6+ Kb8 28.
Qh6 Qe2 29. Qh3 a5 30. Rd1 Qc4 31. Qf1 Kc8 32. Qf7 a4 33. Nc5 Bxc5 34. dxc5 b3
35. cxb3 axb3 36. a3 Qe4+ 37. Ka1 Nxe5 38. Qe6+ Kb7 39. Bd2 Re8 40. Qf6 Qg6 41.
Qf1 Nd3 42. Rb1 Rhf8 43. Qd1 Rb8 44. Rh6 Qe4 45. Qxb3+ Kc7 46. Ba5+ Kd7 47.
Rd6+ Ke8 1-0

[Event "II Liga CS - Istok"]
[Site "Golubac"]
[Date "2008.10.17"]
[Round "8.5"]
[White "Stojanovic, Sreten"]
[Black "Rakovic, Miroslav"]
[Result "1-0"]
[WhiteElo "2200"]
[BlackElo "2042"]
[PlyCount "91"]
[EventDate "2008.09.14"]

1. e4 e6 2. Nf3 d5 3. exd5 exd5 4. d4 Nf6 5. Bd3 Bd6 6. Be3 O-O 7. Nbd2 Re8 8.
h3 Ne4 9. Nf1 f5 10. g3 Nd7 11. c3 Ndf6 12. Qc2 c6 13. O-O-O b5 14. Kb1 a5 15.
Ng5 h6 16. Nxe4 fxe4 17. Be2 Ba6 18. g4 Nh7 19. h4 b4 20. Bxa6 Rxa6 21. c4 Be7
22. g5 hxg5 23. hxg5 a4 24. Qe2 g6 25. cxd5 Ra7 26. dxc6 Qd5 27. Rc1 Rc7 28.
Qc4 Rd8 29. Bf4 Rcc8 30. Ne3 Qxc4 31. Rxc4 Nxg5 32. Bxg5 Bxg5 33. Rg1 Bxe3 34.
fxe3 b3 35. Rxg6+ Kf7 36. Rg1 Rd6 37. Rgc1 Ke6 38. Rxa4 bxa2+ 39. Kxa2 Kf5 40.
Rf1+ Kg4 41. Ra7 Kg5 42. Rg7+ Kh6 43. Rg2 Kh7 44. Rh1+ Rh6 45. Rxh6+ Kxh6 46.
d5 1-0

[Event "II Liga CS - Istok"]
[Site "Golubac"]
[Date "2008.10.17"]
[Round "8.6"]
[White "Kostic, Nebojsa"]
[Black "Raicevic, Ivica"]
[Result "1/2-1/2"]
[WhiteElo "2315"]
[BlackElo "2303"]
[PlyCount "42"]
[EventDate "2008.09.14"]

1. Nf3 c5 2. c4 Nf6 3. d4 cxd4 4. Nxd4 b6 5. Nc3 Bb7 6. f3 e6 7. e4 d6 8. Be2
Be7 9. Be3 a6 10. O-O Nbd7 11. Qd2 O-O 12. Rfd1 Rc8 13. Rac1 Qc7 14. Bf1 Qb8
15. Qf2 Ba8 16. Kh1 Ne5 17. b3 Nfd7 18. Rc2 Rfe8 19. Na4 Bf8 20. Rdc1 Nc5 21.
Nb2 a5 1/2-1/2

[Event "II Liga CS - Istok"]
[Site "Golubac"]
[Date "2008.10.17"]
[Round "8.6"]
[White "Dmitrovic, Tomislav"]
[Black "Mitrovic, Darko R"]
[Result "0-1"]
[WhiteElo "2272"]
[BlackElo "2321"]
[PlyCount "62"]
[EventDate "2008.09.14"]

1. d4 Nf6 2. Nf3 e6 3. Bf4 b6 4. e3 Bb7 5. Nbd2 d6 6. h3 Be7 7. Bd3 c5 8. O-O
O-O 9. c3 Nbd7 10. Bh2 Qc7 11. Re1 Rfe8 12. e4 c4 13. Bc2 e5 14. dxe5 dxe5 15.
Nxc4 Qxc4 16. Bb3 Qc6 17. Bxf7+ Kxf7 18. Qb3+ Nd5 19. Rad1 Qf6 20. exd5 Bd6 21.
Bg3 h6 22. a4 Nc5 23. Qa2 e4 24. Bxd6 Qxd6 25. Nd2 Bxd5 26. c4 Bc6 27. Nxe4 Qg6
28. Rd6 Rxe4 29. Rxg6 Rxe1+ 30. Kh2 Kxg6 31. b4 Nd3 0-1

[Event "II Liga CS - Istok"]
[Site "Golubac"]
[Date "2008.10.17"]
[Round "8.6"]
[White "Djokic, Vladan"]
[Black "Zafirovski, Mite"]
[Result "1/2-1/2"]
[WhiteElo "2284"]
[BlackElo "2270"]
[PlyCount "29"]
[EventDate "2008.09.14"]

1. c4 Nf6 2. Nc3 e6 3. d4 Bb4 4. Qc2 O-O 5. Bg5 h6 6. Bh4 c5 7. dxc5 Na6 8. a3
Bxc3+ 9. Qxc3 Nxc5 10. Bxf6 Qxf6 11. Qxf6 gxf6 12. b4 Na4 13. e4 a5 14. Kd2 d6
15. Nf3 1/2-1/2

[Event "II Liga CS - Istok"]
[Site "Golubac"]
[Date "2008.10.17"]
[Round "8.6"]
[White "Maksimovic, Boban"]
[Black "Stankovic, Dejan"]
[Result "1/2-1/2"]
[WhiteElo "2186"]
[BlackElo "2228"]
[PlyCount "27"]
[EventDate "2008.09.14"]

1. c4 c6 2. d4 d5 3. Nc3 Nf6 4. e3 a6 5. Nf3 b5 6. cxd5 cxd5 7. Bd3 Bg4 8. O-O
Nc6 9. h3 Bh5 10. Bd2 e6 11. Rc1 Qb6 12. Qe2 Bxf3 13. gxf3 Rb8 14. f4 1/2-1/2

[Event "II Liga CS - Istok"]
[Site "Golubac"]
[Date "2008.10.17"]
[Round "8.6"]
[White "Keca, Dragomir"]
[Black "Bura, Goran"]
[Result "0-1"]
[WhiteElo "2202"]
[BlackElo "2152"]
[PlyCount "81"]
[EventDate "2008.09.14"]

1. c4 Nf6 2. Nf3 c6 3. g3 d5 4. b3 g6 5. Bb2 Bg7 6. Bg2 O-O 7. O-O Bf5 8. d3 a5
9. cxd5 cxd5 10. Nc3 Nc6 11. Nb5 Qb6 12. a4 Bd7 13. Rc1 Rac8 14. Qd2 Rfd8 15.
Bc3 Be8 16. Qb2 Nh5 17. Bh3 Bd7 18. Bxd7 Rxd7 19. Bxg7 Nxg7 20. Rc2 f6 21. Rfc1
e5 22. Qa3 Rcd8 23. Qc5 Qxc5 24. Rxc5 Ne6 25. R5c2 e4 26. Nd2 Ned4 27. Rxc6
Nxc6 28. dxe4 dxe4 29. Nxe4 Rd1+ 30. Rxd1 Rxd1+ 31. Kg2 Kg7 32. Ned6 Rb1 33.
Nxb7 Rxb3 34. Nc5 Rb4 35. e4 Rc4 36. Nc7 Kf7 37. N7a6 Kg8 38. Nd7 Kg7 39. Ndc5
Ne5 40. Ne6+ Kf7 41. Nec5 0-1

[Event "II Liga CS - Istok"]
[Site "Golubac"]
[Date "2008.10.17"]
[Round "8.6"]
[White "Lalovic, Srecko"]
[Black "Zivkovic, Branimir"]
[Result "1-0"]
[WhiteElo "2219"]
[BlackElo "2217"]
[PlyCount "89"]
[EventDate "2008.09.14"]

1. e4 c5 2. Nf3 e6 3. d4 cxd4 4. Nxd4 Nf6 5. Bd3 Nc6 6. Nf3 Be7 7. c3 O-O 8.
O-O d6 9. Re1 b6 10. Qe2 Bb7 11. Bf4 e5 12. Bg3 Rc8 13. Na3 Nh5 14. Nc2 g6 15.
Ne3 Qd7 16. Rad1 Nd8 17. Bc4 Qc7 18. Bd5 Ne6 19. Bxb7 Qxb7 20. Nd5 f5 21. exf5
Rxf5 22. Qe4 Kh8 23. Bh4 Nc5 24. Qc2 Bf8 25. Ng5 Nf4 26. Nxf4 exf4 27. Nh3 f3
28. g4 Rf7 29. Ng5 Rf4 30. Rd4 Rxd4 31. cxd4 Ne6 32. Qd2 Nxg5 33. Bxg5 Qd5 34.
b3 a5 35. h3 Kg8 36. Bf6 a4 37. Qd3 axb3 38. axb3 b5 39. Qe4 Qxb3 40. d5 Rc7
41. Qe6+ Rf7 42. Rc1 Qd3 43. Rc7 Qd1+ 44. Kh2 Qe2 45. Qxf7# 1-0